| 000 | 00732nam a22002297a 4500 | ||
|---|---|---|---|
| 005 | 20170124110201.0 | ||
| 010 | _aA-852796 | ||
| 020 |
_c00.00 _a8121507227 |
||
| 035 | _aA-852796 | ||
| 037 | _bCen Lib/Ret | ||
| 040 |
_aDPL _bEN |
||
| 082 |
_a181.493 _bCON |
||
| 100 |
_aConze, Edward _935392 |
||
| 245 |
_aBuddhist thought in India : _cby Edward Conze _bthree phases of Buddhist philosophy / |
||
| 260 |
_aNew Delhi _bMunshiram Manoharlal Publishers _c1996 |
||
| 270 |
_aPost Box 5715, 54 Rani Jhansi Road _bNew Delhi _e110055 |
||
| 300 |
_a302p. _c22cm(Hb) |
||
| 500 | _aIncludes index | ||
| 650 |
_aBuddhism -- India _911615 |
||
| 650 |
_aBuddhist philosophy _936227 |
||
| 942 |
_2ddc _cEN _h181.493 _mCON |
||
| 999 |
_c132937 _d132937 |
||